| 000 | 00491nam a2200169 i 4500 | ||
|---|---|---|---|
| 001 | 81747 | ||
| 003 | ES-MaACL | ||
| 005 | 20230906174514.0 | ||
| 007 | t| | ||
| 008 | 041105s1960 sp ||||1| spa d | ||
| 100 | 1 |
_aHynd, Alan. _964885 |
|
| 245 | 1 | 3 |
_aEl mundo del delito / _cpor Alan Hynd ; [versión española de Baldomero Porta]. |
| 260 |
_aBarcelona : _bBruguera, _c[1960] |
||
| 300 |
_a639 p. ; _c25 cm. |
||
| 700 | 1 |
_aPorta, Baldomero. _993173 |
|
| 852 |
_aES-MaACL _jC-19666 _bR.47505 |
||
| 999 |
_c81747 _d81747 |
||